Central Library OPAC University of Rajshahi

Pirates and highwaymen / (Record no. 5088)

MARC details
000 -LEADER
fixed length control field 00740cam a22002411 4500
001 - CONTROL NUMBER
control field 5088
003 - CONTROL NUMBER IDENTIFIER
rucl marc code BD-RjUL
005 - DATE AND TIME OF LATEST TRANSACTION
control field 20211208234015.0
008 - FIXED-LENGTH DATA ELEMENTS--GENERAL INFORMATION
fixed length control field 131224s1962uuuunyua j 000 0 eng
035 ## - SYSTEM CONTROL NUMBER
System control number (BD-RjUL)5124
040 ## - CATALOGING SOURCE
Original cataloging agency DLC
Transcribing agency LN
Modifying agency OCoLC
-- DLC
-- BD-RjUL
Language of cataloging eng
041 ## - LANGUAGE CODE
Language code of text/sound track or separate title eng
082 ## - DEWEY DECIMAL CLASSIFICATION NUMBER
Classification number 910.4
Author mark and year JEP 1962
Edition number 23
100 1# - MAIN ENTRY--PERSONAL NAME
Personal name Jenkins, Alan C.
9 (RLIN) 16024
245 10 - TITLE STATEMENT
Title Pirates and highwaymen /
Statement of responsibility, etc. [by] Alan C. Jenkins. Illustrated by Virginia Smith.
250 ## - EDITION STATEMENT
Edition statement [1st American ed.]
260 ## - PUBLICATION, DISTRIBUTION, ETC. (IMPRINT)
Place of publication, distribution, etc. New York]
Name of publisher, distributor, etc. Oliver & Boyd,
Date of publication, distribution, etc. c1962.
300 ## - PHYSICAL DESCRIPTION
Pagination 62 p. :
Illustrations ill. ;
Size 22 cm.
650 #0 - SUBJECT ADDED ENTRY--TOPICAL TERM
Topical term or geographic name as entry element Pirates
General subdivision Juvenile literature.
9 (RLIN) 16025
Topical term or geographic name as entry element Brigands and robbers
General subdivision Juvenile literature.
9 (RLIN) 16026
942 ## - ADDED ENTRY ELEMENTS (KOHA)
Source of classification or shelving scheme Dewey Decimal Classification
Koha item type Books
Holdings
Lost status Source of classification or shelving scheme Damaged status Not for loan Collection code Permanent Location Current Location Shelving location Date acquired Source of acquisition Cost, normal purchase price Total Checkouts Full call number Date last seen Copy number Koha item type
  Dewey Decimal Classification   Not For Loan Non-fiction Central Library, University of Rajshahi Central Library, University of Rajshahi   08/03/1966 Zeitlinger 0.00   910.4 JEP 1962 24/12/2013 C-1 Books
  Dewey Decimal Classification     Non-fiction Central Library, University of Rajshahi Central Library, University of Rajshahi   08/03/1966 Zeitlinger     910.4 JEP 1962 24/08/2016 C-2 Books